Preus públics i equitat en l'accés als serveis educatius municipals / Maria Cubel, Joan Romagosa
Publicado:
Barcelona :
Diputació de Barcelona. Àrea d'Educació. Gerència de Serveis d'Educació ,
2010
Descripción Física:
77 p. ; 29 cm
Otros Autores:
Romagosa, Joan
MARC
| LEADER | 00000nam a2200000Ia 4500 | ||
|---|---|---|---|
| 001 | 22891 | ||
| 008 | 160829s2010 xx 000 0 cat d | ||
| 080 | |a E-1-387 | ||
| 100 | |a Cubel, Maria |9 2494 | ||
| 245 | |a Preus públics i equitat en l'accés als serveis educatius municipals / Maria Cubel, Joan Romagosa | ||
| 260 | |a Barcelona : |b Diputació de Barcelona. Àrea d'Educació. Gerència de Serveis d'Educació, |c 2010 | ||
| 300 | |a 77 p. ; |c 29 cm | ||
| 590 | |a Bibliografia | ||
| 650 | 0 | |a Educació |z Barcelona (Província} |9 40056 | |
| 650 | |a Igualtat d'oportunitats educatives |x Barcelona (Província) |9 41373 | ||
| 700 | |a Romagosa, Joan |9 41374 | ||
| 710 | |a Barcelona (Catalunya : Província). |b Gerència de Serveis d'Educació |9 52167 | ||
| 901 | |a Arxiu | ||
| 942 | |n 1 | ||
| 952 | |0 0 |1 0 |4 0 |6 E1387 |7 1 |9 50180 |a Arxiu |b Arxiu |d 2016-12-01 |l 0 |o E-1-387 |p 22891 |r 2016-12-01 00:00:00 |w 2016-12-01 |y ARXIU | ||
| 999 | |c 54022 |d 54022 | ||